Loading...
| Religion | 1 | 4 | 0 | 2 | 55 | 22 | 103.80 | 2 | 5 | 22.42 | 40.74 |
| History - European | 2 | 2 | 0 | 1 | 50 | 73 | 102.00 | 1 | 2 | 6.82 | 14.81 |
| Science - Biology | 0 | 5 | 0 | 1 | 50 | 83 | 112.60 | 1 | 5 | 21.46 | 49.15 |
| Other Academic | 1 | 3 | 0 | 0 | 45 | 69 | 94.50 | 1 | 4 | 0.00 | 0.00 |
| Science - Physics | 0 | 4 | 0 | 2 | 40 | 92 | 116.25 | 2 | 4 | 2.15 | 7.41 |
| Mythology | 1 | 2 | 0 | 1 | 35 | 62 | 105.00 | 1 | 3 | 23.64 | 41.67 |
| Social Science | 0 | 3 | 0 | 0 | 30 | 107 | 116.33 | 0 | 2 | 12.65 | 32.59 |
| Fine Arts - Other | 0 | 2 | 0 | 0 | 20 | 125 | 137.50 | 0 | 2 | 4.34 | 12.82 |
| Science - Chemistry | 0 | 2 | 1 | 1 | 15 | 129 | 134.00 | 0 | 0 | 0.30 | 8.89 |
| History - World | 0 | 2 | 1 | 1 | 15 | 137 | 140.50 | 0 | 2 | 16.50 | 21.48 |
| Literature - Poetry | 0 | 1 | 0 | 0 | 10 | 154 | 154.00 | 0 | 1 | 0.00 | 0.00 |
| History - American | 0 | 1 | 0 | 0 | 10 | 88 | 88.00 | 0 | 0 | 25.66 | 33.15 |
| History - Ancient | 0 | 1 | 0 | 0 | 10 | 76 | 76.00 | 0 | 1 | 0.00 | 0.00 |
| Science - Other | 0 | 1 | 1 | 0 | 5 | 123 | 123.00 | 1 | 1 | 17.09 | 37.78 |
| Geography | 0 | 1 | 2 | 0 | 0 | 150 | 150.00 | 0 | 1 | 31.65 | 57.14 |
| History - Other | 0 | 0 | 1 | 0 | -5 | 0.00 | 0 | 0 | 23.35 | 24.07 | |
| Science - Math | 0 | 0 | 1 | 0 | -5 | 0.00 | 0 | 0 | 0.00 | 0.00 | |
| Fine Arts - Painting and Sculpture | 0 | 0 | 1 | 0 | -5 | 0.00 | 0 | 0 | 0.00 | 0.00 | |
| Fine Arts - Classical Music | 0 | 0 | 2 | 0 | -10 | 0.00 | 0 | 0 | 0.00 | 0.00 |